000 00757nam a2200241 i 4500
003 DO-SdBNP
005 20250606121944.0
007 ta
008 250605b2002 dr o||| |||| 00| 0 spa d
040 _aDO-SdBNP
_bspa
_cBNPHU
_erda
082 _axxx
_bH557
_222
100 1 _aHernández, Rosalba
_eautora
_4aut.
_988004
245 1 0 _aVestigios de utopía /
_cRosalba Hernández
264 _aSanto Domingo :
_bCentro Cultural de España,
_c2002.
300 _a[22] Páginas ;
_bfotografías
_c15 cm.
336 _atexto
_btxt
_2rdacontent
337 _asin mediación
_bn
_2rdamedia
338 _avolumen
_bnc
_2rdacarrier
500 _aExposición desde el 1-26 de octubre 2002.
590 _aInventariado, 2025/ YL
910 _aYLockward
942 _2ddc
_cLF2
999 _c59159
_d59159